000 00526nam a2200193Ia 4500
003 OSt
005 20250704122734.0
008 210210b1997 xxu||||| |||| 00| 0 eng d
040 _cAL
041 _aKannada
082 _aK894.2 VAIM
100 _aVAIDEHI.
_dವೈದೇಹಿ
_9217190
245 _aMuru makkala natakagalu
_bಮೂರು ಮಕ್ಕಳ ನಾಟಕಗಳು
260 _aSagara
_bAkshara Prakashana
_c1997
300 _a9,103
690 _aKannada Drama
_9217191
906 _a053925
942 _2ddc
_cBK
999 _c101781
_d101781